The Design of Greywater System for a Weekend House

Enregistré dans:
Détails bibliographiques
Auteur principal: Pavlov, Dmitrii (Auteur)
Autres auteurs: Jánošková, Taťjana (Directeur de thèse)
Format: Manuscrit Livre
Langue:slovaque
anglais
Publié: 2023
Sujets:
Accès en ligne:http://is.stuba.sk/zp/portal_zp.pl?podrobnosti=162214
https://opac.crzp.sk/?fn=detailBiblioForm&sid=C0DEB8E07572332BAA230D15805F
Tags: Ajouter un tag
Pas de tags, Soyez le premier à ajouter un tag!

MARC

LEADER 00000ntm a22000003a 4500
001 stuzp93617
003 SK-STU
005 20230921082921.7
007 ta
008 150427s2015----xo-----f-mn---000-0-slo-d
040 |a STU  |b slo 
041 0 |a eng 
100 1 |a Pavlov, Dmitrii  |u 010290  |4 aut  |U SvF Stavebná fakulta  |T SvF Katedra technických zariadení budov  |X 110441  |U V290  |Y 31  |7 110441 
242 0 1 |a The Design of Greywater System for a Weekend House  |y slo 
245 1 0 |a The Design of Greywater System for a Weekend House 
260 |c 2023 
650 4 |a sivá voda  |2 slo 
650 4 |a dažďová voda  |2 slo 
650 4 |a čierna voda  |2 slo 
650 4 |a black water  |2 eng 
650 4 |a greywater  |2 eng 
650 4 |a rainwater  |2 eng 
700 1 |a Jánošková, Taťjana  |4 ths  |X 2745  |7 A000002745 
856 4 |u http://is.stuba.sk/zp/portal_zp.pl?podrobnosti=162214 
856 4 |u https://opac.crzp.sk/?fn=detailBiblioForm&sid=C0DEB8E07572332BAA230D15805F